| 000 | 00424nam a2200169Ia 4500 | ||
|---|---|---|---|
| 008 | 230524s9999 xx 000 0 und d | ||
| 020 | _a8184241488 | ||
| 082 |
_a650 _bDRA |
||
| 100 | _aPeter F. Drucker | ||
| 245 | 0 | _a"Management : Tasks,Responsibilities, Practices" | |
| 250 | _aIST | ||
| 260 |
_aNEW DELHI _bAllied _c2007 |
||
| 300 | _aVII;819 | ||
| 500 | _aQuantity Number: 5 | ||
| 650 | _aManagement | ||
| 942 | _cBK | ||
| 999 |
_c40896 _d40896 |
||